[Event "Hamar op B"]
[Site "Hamar"]
[Date "2002.11.21"]
[Round "6"]
[White "Moen, Leif Magne"]
[Black "Filipovic, Ferid"]
[Result "0-1"]
[WhiteElo "995"]
[BlackElo "989"]
[PlyCount "77"]
[EventDate "2002.09.05"]
[EventType "swiss"]
[EventRounds "7"]
[EventCountry "NOR"]
[SourceTitle "EXT 2024"]
[Source "ChessBase"]
[SourceDate "2023.10.10"]
[SourceVersion "1"]
[SourceVersionDate "2023.10.10"]
[SourceQuality "1"]

1. e4 e5 2. Nf3 Nc6 3. Bc4 Bc5 4. d3 h6 5. 0-0 Qf6 6. Nc3 Nge7 7. Nb5 Bb6 8. Be3 a6 9. Bxb6 axb5 10. Bxf7+ Qxf7 11. Bxc7 Ng6 12. Bd6 Qf6 13. Bc5 d6 14. Bb6 Nf4 15. Be3 Qg6 16. Bxf4 exf4 17. Nh4 Qg5 18. Nf3 Qg6 19. Nh4 Qg5 20. Nf3 Qh5 21. h3 g5 22. c4 b4 23. Qd2 Bxh3 24. gxh3 Qxf3 25. Kh2 g4 26. hxg4 h5 27. g5 h4 28. Rg1 Ne5 29. Qxb4 Ng4+ 30. Rxg4 Qxg4 31. Qxb7 Rd8 32. Qg7 Rf8 33. Qg6+ Rf7 34. Qg8+ Ke7 35. Qg6 f3 36. Rg1 Qf4+ 37. Kh3 Qd2 38. Rg4 Qxf2 39. Rxh4 0-1

[Event "Hamar op B"]
[Site "Hamar"]
[Date "2002.11.07"]
[Round "5"]
[White "Filipovic, Ferid"]
[Black "Markovic, Dusan2222"]
[Result "1-0"]
[WhiteElo "989"]
[BlackElo "799"]
[PlyCount "39"]
[EventDate "2002.09.05"]
[EventType "swiss"]
[EventRounds "7"]
[EventCountry "NOR"]
[SourceTitle "EXT 2024"]
[Source "ChessBase"]
[SourceDate "2023.10.10"]
[SourceVersion "1"]
[SourceVersionDate "2023.10.10"]
[SourceQuality "1"]

1. d4 Nf6 2. Bf4 d5 3. Nc3 Nc6 4. Nb5 Rb8 5. Bxc7 Qd7 6. Bxb8 Nxb8 7. e3 Nc6 8. a4 a6 9. Nc3 Qf5 10. Bd3 Ne4 11. Bxe4 dxe4 12. Nge2 Qg6 13. Ng3 e6 14. 0-0 e5 15. Ncxe4 exd4 16. exd4 Bf5 17. Nxf5 Qxf5 18. Re1 Be7 19. Nd6+ Kf8 20. Nxf5 1-0